000 00553cam a2200217ua 4500
001 7707
005 20260515114240.0
008 150103n ii |||gr||||Z||||||eng
020 _a9788132107040
040 _cMAIN
041 _aeng
082 _a303.625
100 _aMahanta, N. G.,
_eAuthor.
245 _aConfronting the state :
_bUlfa`s quest for sovereignty /
_cBy Noni Gopal Mahanta .
250 _a1st.
260 _aNew Delhi:
_bSAGE,
_c2013.
300 _axxii,348p.
653 _aSocial processes
653 _aTerrorism
942 _cBK
999 _c6823
_d6823